Central Library OPAC University of Rajshahi

West Pakistan year book / (Record no. 25511)

MARC details
000 -LEADER
fixed length control field 00799cas a2200253u 4500
001 - CONTROL NUMBER
control field 25511
003 - CONTROL NUMBER IDENTIFIER
rucl marc code BD-RjUL
005 - DATE AND TIME OF LATEST TRANSACTION
control field 20211209050905.0
008 - FIXED-LENGTH DATA ELEMENTS--GENERAL INFORMATION
fixed length control field 140318s1956 pk u 0 0eng d
035 ## - SYSTEM CONTROL NUMBER
System control number (BD-RjUL) 25581
040 ## - CATALOGING SOURCE
Original cataloging agency DLC
Transcribing agency CarP
Modifying agency DLC
-- BD-RjUL
Language of cataloging eng
041 ## - LANGUAGE CODE
Language code of text/sound track or separate title eng
082 00 - DEWEY DECIMAL CLASSIFICATION NUMBER
Edition number 20
Classification number 306.095491
Author mark and year WES 1956
245 00 - TITLE STATEMENT
Title West Pakistan year book /
260 ## - PUBLICATION, DISTRIBUTION, ETC. (IMPRINT)
Place of publication, distribution, etc. Lahore :
Name of publisher, distributor, etc. Public Relations Dept., West Pakistan,
Date of publication, distribution, etc. 1956
300 ## - PHYSICAL DESCRIPTION
Pagination v.231p. :
Illustrations illus. ;
Size 24 cm.
500 ## - GENERAL NOTE
General note Serial.
651 #0 - SUBJECT ADDED ENTRY--GEOGRAPHIC NAME
Geographic name Pakistan
General subdivision Politics and government
Form subdivision Periodicals.
9 (RLIN) 78460
Geographic name Pakistan
General subdivision Social conditions
Form subdivision Periodicals.
9 (RLIN) 78461
710 1# - ADDED ENTRY--CORPORATE NAME
Corporate name or jurisdiction name as entry element West Pakistan.
Subordinate unit Public Relations Department [from old catalog]
9 (RLIN) 78462
942 ## - ADDED ENTRY ELEMENTS (KOHA)
Source of classification or shelving scheme Dewey Decimal Classification
Koha item type Books
Holdings
Lost status Source of classification or shelving scheme Damaged status Not for loan Collection code Permanent Location Current Location Shelving location Date acquired Source of acquisition Cost, normal purchase price Total Checkouts Full call number Date last seen Copy number Koha item type
  Dewey Decimal Classification   Added to bundle Non-fiction Central Library, University of Rajshahi Central Library, University of Rajshahi Reading Room 18/05/1957 Publisher Ltd 2.00   306.095491 WES 1956 18/03/2014 C-1 Books